|
|
|
|
| LEADER |
00884nam a2200217 a 4500 |
| 001 |
GR-MES7003 |
| 008 |
000428s enk 000 0 gre d |
| 020 |
|
|
|a 0262731045
|
| 040 |
|
|
|a GrPaTEI
|b gre
|c GR-PaULI
|
| 040 |
|
|
|a GrPaTEI
|b gre
|c GR-PaULI
|
| 245 |
0 |
0 |
|a Markets or goverments :
|b Choosing between imperfect alternatives /
|c Charles Wolf.
|
| 260 |
|
|
|a London :
|b MIT Press,
|c 1993
|
| 300 |
|
|
|a 238 σελ.
|
| 500 |
|
|
|a βιβλιογραφια:σελ(213-224) και ευρετη'ριο
|
| 650 |
|
4 |
|a Καπιταλισμός
|
| 650 |
|
4 |
|a Οικονομική πολιτική
|
| 700 |
1 |
|
|a WOLF, CHARLES
|
| 942 |
|
|
|2 ddc
|
| 952 |
|
|
|0 0
|1 0
|2 ddc
|4 0
|6 338_900000000000000_WOL
|7 0
|9 277354
|a MSLG
|b MSLG
|c BSC
|d 2021-01-17
|e 24
|f 0
|g 0.00
|l 0
|o 338.9 WOL
|p 2420000016150
|r 2021-01-17 00:00:00
|t 1
|w 2021-01-17
|y BK15
|x 20000428 0 1
|x GrPaTEI
|
| 971 |
|
|
|a .b25854720
|b 15-04-20
|c 14-09-16
|
| 999 |
|
|
|c 161140
|d 161140
|